|
|
|
|
| LEADER |
00591cam a2200181 7i4500 |
| 001 |
0000045370 |
| 005 |
20130312090000.0 |
| 020 |
|
|
|a 9789675226434 (pbk.)
|
| 090 |
0 |
0 |
|a HG4530
|b .S44 2009
|
| 100 |
1 |
|
|a Segar, Sunthara
|
| 245 |
1 |
0 |
|a Buat duit sebagai ejen unit amanah
|c Sunthara Segar.
|
| 260 |
|
|
|a Kuala Lumpur:
|b PTS Professional Pub.,
|c 2009.
|
| 300 |
|
|
|a 185 p.:
|b ill.;
|c 19 cm.
|
| 490 |
0 |
|
|a Siri buat duit
|
| 650 |
0 |
0 |
|a Insurance, Business
|
| 650 |
0 |
0 |
|a Mutual funds
|
| 999 |
|
|
|a 0000055198
|b BOK
|c OPEN SHELF
|e 1st Floor, Bestari Jaya
|
| 999 |
|
|
|a 0000055199
|b BOK
|c OPEN SHELF
|e 1st Floor, Shah Alam
|